| 000 | 01014nas a2200325 4500 | ||
|---|---|---|---|
| 001 | BR2013004778 | ||
| 003 | BR-BrBNA | ||
| 005 | 20231205122527.0 | ||
| 007 | ta | ||
| 008 | 230509b bl.|||p| |||| 00| 00por d | ||
| 040 |
_aBR-BrBNA _bpor _cBiblioteca Nacional de Agricultura |
||
| 041 | _a(Pt) | ||
| 072 | _aF30; F50 | ||
| 100 | 1 | _aCarvalho, E.X. de | |
| 100 | 1 | _aAnunciação Filho, J. da | |
| 100 | 1 | _aAragão, W.M. | |
| 100 | 1 | _aMusser, R. dos S. | |
| 100 | 1 | _aFerraz, L.G.B. | |
| 100 | 1 | _aReis, O.V. dos | |
| 100 | 1 | _aBastos, G.Q. | |
| 100 | 1 | _aOliveira, F.J. de | |
| 245 | 1 | _aVariabilidade e comportamento de cultivares de coqueiro anão nos tabuleiros costeiros do norte de Sergipe | |
| 650 | _aMELHORAMENTO GENÉTICO VEGETAL | ||
| 650 | _aCOCO | ||
| 650 | _aMORFOLOGIA VEGETAL | ||
| 650 | _aMÉTODO ESTATÍSTICO | ||
| 773 | 0 |
_tBragantia (Brazil) _xISSN 0006-8705 _g(Jan-Mar 2008), v. 67(1) p. 91-100 _wBR2013004778 |
|
| 909 |
_a202311 _bLúcia _c55 _dLúcia Elande |
||
| 942 |
_2AGRIS _n0 _cANA |
||
| 999 |
_c229129 _d229129 |
||